| 000 | 00938nam a2200193Ii 4500 | ||
|---|---|---|---|
| 003 | JO-AjNU | ||
| 008 | 230605s9999||||xx |||||||||||||| ||und|| | ||
| 040 |
_aJO-AjNU _bara _erda _cJO-AjNU |
||
| 041 | _aara | ||
| 050 | 1 | 4 | _aK2400 2008 |
| 100 | 3 |
_aمركز الامارات للدراسات والبحوث الاستراتيجية, _eauthor _946558 |
|
| 245 | 0 | 0 | _aالمؤتمر العلمي السنوي السادس عشر: بحوث مؤتمر التحكيم التجاري الدولي : أهم الحلول البديلة لحل التزاعات التجارية، المجلد الأول |
| 264 | 3 | 1 | _aابو ظبي: مركز الامارات للدراسات والبحوث الاستراتيجية، 2008 |
| 300 | _aمج 1، 430ص | ||
| 336 |
_atext _btxt _2rdacontent |
||
| 337 |
_aunmediated _bn _2rdamedia |
||
| 338 |
_avolume _bnc _2rdacarrier |
||
| 650 | 4 |
_aالتحكيم الدولي التجاري - مؤتمرات _946559 |
|
| 999 |
_aA20264 _c23832 _d23832 |
||